| 000 | 00602nam a2200205Ia 4500 | ||
|---|---|---|---|
| 005 | 20260429112022.0 | ||
| 008 | 260429s9999||||xx |||||||||||||| ||und|| | ||
| 020 | _a9781032288369 | ||
| 041 | _aEnglish | ||
| 082 |
_a371.829 _bDAV |
||
| 100 | _aDavis, John | ||
| 245 | 0 |
_aStrength basing, empowering and regenerating indigenous knowledge education : _brite way flows / _cJohn Davis |
|
| 250 | _a1st ed. | ||
| 260 |
_aNew York : _bRoutledge, _c2024. |
||
| 300 | _axxi, 198 p.; pbk | ||
| 650 | _a Cultural sustainability | ||
| 650 | _a Education | ||
| 650 | _aIndigenous knowledge | ||
| 942 | _cTB | ||
| 999 |
_c51915 _d51915 |
||